All-Time Atlanta Falcons - Statistics

General Stats
  • This quiz has been taken 14 times
  • The average score is 8 of 35
Answer Stats
Hint Accolades Answer % Correct
QB1 4x pro bowl, MVP, All Pro Matt Ryan
100%
WR1 7x pro bowl, 2x all pro, more yards than any active player Julio Jones
93%
QB2 3x pro bowl Michael Vick
93%
WR2 4x pro bowl, 1x all pro, catches leader Roddy White
71%
TE1 4x pro bowl, 1x all pro, arguably GOAT TE Tony Gonzalez
71%
RB4 1x pro bowl, 1x all pro, over 1,800 yards one year Jamal Anderson
64%
QB3 2x pro bowl Steve Bartkowski
64%
RB2 2x pro bowl, 1x all pro Michael Turner
50%
CB 3x pro bowl, 2x all pro Deion Sanders
43%
RB1 1x pro bowl Warrick Dunn
43%
WR5 1,400 yards one season Calvin Ridley
36%
DE 4x pro bowl, 2x all pro John Abraham
29%
OL 4x pro bowl, 2x all pro Bill Fralic
14%
TE3 1x pro bowl, 1,026 yards one season Kyle Pitts
7%
TE2 4x pro bowl Alge Crumpler
0%
WR3 4x pro bowl, 1x all pro, TDs leader Andre Rison
0%
WR4 1x pro bowl, 1x all pro Billy Johnson
0%
KR 1x pro bowl, 1x all pro Billy Johnson
0%
PR Same person as above Billy Johnson
0%
P Super Bowl winner Billy Lothridge
0%
CB 2x pro bowl, yards leader DeAngelo Hall
0%
OLB 1x pro bowl, leader in yards, TDs Deion Jones
0%
RB3 2x pro bowl DeVonta Freeman
0%
DT 2x pro bowl, 1x all pro Grady Jarrett
0%
OL 1x pro bowl Jake Matthews
0%
OL 6x pro bowl, 2x all pro Jeff Van Note
0%
MLB 5x pro bowl, 1x all pro Jessie Tuggle
0%
MLB 5x pro bowl, 2x all pro, tackles leader Keith Brooking
0%
K 1x pro bowl Matt Bryant
0%
OL 5x pro bowl, 2x all pro Mike Kenn
0%
S 1x pro bowl, 1x all pro, safety tackles leader Scott Case
0%
OLB 5x pro bowl, 1x all pro, unofficially had 296 tackles in one season Tommy Nobis
0%
S 7 interceptions one season Tom Pridemore
0%
OL 1x pro bowl Tyson Clabo
0%
DE 1x pro bowl, 1x all pro, leader in forced fumbles, sacks, and TDs in the same season Vic Beasley
0%
No matching quizzes found
Score Distribution
Percent of People with Each Score
Percentile by Number Answered
Your Score History
You have not taken this quiz